000 00843nam a2200265 a 4500
001 C01494221c-2
003 CO-ViMGA
005 20230915224413.0
008 150915s2015 ck gr 00010 spa d
020 _a9789588894003
040 _aCO-ViMGA
_bspa
_cCO-ViMGA
043 _as-ck---
082 0 4 _aCo863.6
_bG17c106
100 1 _aGarcía Márquez, Gabriel,
_d1927-2014.
_91
240 1 0 _aMagdalena-Bibliografía regional
245 1 0 _aCien años de soledad /
_cGabriel García Márquez.
260 _aBogotá :
_bPenguin Random House Grupo Editorial,
_c2015.
300 _a504 páginas :
_bilustraciones ;
_c24 cm.
490 1 _aLiteratura Random House
650 4 _aMuerte
_v Novela.
_92323
650 4 _aNovela colombiana.
_9588
650 4 _aSoledad
_v Novela.
_99480
650 4 _aViolencia
_v Novela.
_93350
942 _2ddc
_cBK
999 _c7035
_d7035